| 000 | 00735nam a22002057a 4500 | ||
|---|---|---|---|
| 999 |
_c5477 _d5477 |
||
| 003 | AR-CdUCM | ||
| 008 | 190312b ||||| |||| 00| 0 spa d | ||
| 040 |
_aMUNICIPALIDAD PROVINCIAL DEL CUSCO _cBIBLIOTECA MUNICIPAL DEL CUSCO |
||
| 082 |
_a303 / _bUN61 |
||
| 110 |
_aUNICEF _99438 |
||
| 245 |
_aLos hijos de la Pachamama / _cBeatriz Vejarano (Traductor) |
||
| 260 |
_aPerú : _bSara Cameron y Clara Isabel Cardona , _c1998. |
||
| 300 |
_a87 páginas ; _c28 cm. |
||
| 505 | _aContenido : Economia -- Politica -- Educacion -- La Salud -- Conclusiones -- Notas -- Bibliografia... | ||
| 650 |
_aComunidades Indigenas _93290 |
||
| 650 |
_aUNICEF _916456 |
||
| 650 |
_aLos Derechos del niño _916457 |
||
| 942 |
_2ddc _cLIBROS |
||
| 945 | _artm | ||